00477nam a2200133Ia 4500008004100000041000800041082001400049100002100063245004400084260005000128300003100178999001500209952011900224240624s9999 xx 000 0 und d aeng a332.6 LOW aLOWENSTEIN ROGER aWHEN GENIUS FAILED THE RISE AND FALL OF c2000aNew YorkbRandom house trade paperbacks axxi, : 264 : p. : cm. ; 18 c8079d8079 00104070aIMTNbIMTNcRack 10-Ad2008-01-15l1o332.6 LOWp8079r2025-11-25 13:50:23s2025-10-07w2024-06-24yBK